Z Jakiego Meczu Jest ten Komentarz - Statystyki

Ogólne statystyki
  • Ten quiz został rozwiązany 18 razy
  • Średni wynik to 3 z 8
Statystyki odpowiedzi
Komentarz Mecz % Poprawnych
"Teraz ***.*** i Gol! iii gol!Mamy bramkę w Nicei" Polska-Irlandia Północna
79%
"Ważne aby wsparł *** w śro,Ojojoj! Ojojoj!Poleciała jakaś raca.Petarda.Najważniejsze zdrowie zawodnika,tutaj sprawia cały czas wrażenie ogłuszonego,zszokowanego ***,na rozgrzewkę posłany ***" Rumunia-Polska
64%
"I to jest właśnie cały Maradona,jedno genialne podanie otwierające drogę do bramki.*** Maradona.(2.Komentator)Widzę że Maradona cały czas ci się z *** kojarzy.(1.Komentator)Przepraszam powiiedziałem Maradona *** oczywiście" Argentyna-Belgia
50%
"Dla nich to też są szalenie nerwowe sekundy.*** uwaga teraz, strzał ***!***!***!***!***!Argentyńczyk *** zdobywa zwycięskiego gola,coś nieprawdopodobnego.w 2 minuty strzelili 2 gole podopieczni ***" Manchester City-QPR
43%
"Aj! Będzie bramka ! Jezus Maria jaki błąd ***.Coś niesamowitego." Irlandia Północna-Polska
36%
"No i stanie przed szansą ***.Zawodnik który parę minut wcześniej pojawił się na boisku.*** cała nadzieja w nim ale ileż razy może ich ratować i to z mistrzem ***.I to przed własną publicznością.*** iiii niestety 2 do 1.(Koniec Meczu) Ktoś powie że nie ma już słabych drużyn.Są.Ta słaba drużyna dzisiaj przegrała" Legia-Dudelange
21%
"*** on chyba zejdzie,ma szansę na pięć do zera!***!!!Strzelaj ***!No ładnie,bardzo ładnie!" Polska-Finlandia
14%
"Do trzech razy sztuka jeśli chodzi o ***.W górę! Taak!Taaak!Taaaak!Taaaak!***!***!***!A więc powiedziałem do trzech razy sztuka!Nadzieja umiera ostatnia!" Anglia-Kolumbia
7%
Nie znaleziono quizów pasujących do podanych kryteriów
Rozkład punktacji
Procent ludzi z każdym wynikiem
Percentyl według liczby udzielonych odpowiedzi
Twoja historia wyników
Nie rozwiązałeś tego quizu